[Event "GRE-chT 49th"]
[Site "Thessaloniki"]
[Date "2022.08.15"]
[Round "5"]
[White "Giannopoulos, Vasileios"]
[Black "Mitsiou, Georgios"]
[Result "1-0"]
[WhiteElo "1425"]
[BlackElo "1522"]
[PlyCount "107"]
[EventDate "2022.08.12"]
[EventType "team-swiss"]
[EventRounds "7"]
[EventCountry "GRE"]
[SourceTitle "EXT 2024"]
[Source "ChessBase"]
[SourceDate "2023.10.10"]
[SourceVersion "1"]
[SourceVersionDate "2023.10.10"]
[SourceQuality "1"]
[WhiteTeam "Larisas"]
[BlackTeam "Polygyrou ASO"]
[WhiteTeamCountry "GRE"]
[BlackTeamCountry "GRE"]

1. e4 c6 2. d4 d5 3. Nc3 dxe4 4. Nxe4 Nf6 5. Nxf6+ exf6 6. c3 Bd6 7. Bd3 Qc7 8. Ne2 Be6 9. Qc2 Nd7 10. Be3 Nf8 11. Ng3 Ng6 12. Nf5 Bxf5 13. Bxf5 Bf4 14. 0-0-0 Ne7 15. Rde1 g6 16. g3 Bxe3+ 17. Rxe3 0-0 18. Bd3 Nd5 19. Re4 Rfe8 20. h4 f5 21. Ree1 Nf6 22. Qd2 Ne4 23. Bxe4 Rxe4 24. Rxe4 fxe4 25. h5 Re8 26. hxg6 fxg6 27. Qe3 Qf7 28. b3 Qe7 29. Re1 Rf8 30. f4 Re8 31. g4 Qh4 32. Rg1 Kf7 33. c4 g5 34. d5 Qh2 35. fxg5 cxd5 36. Qxa7 Kg8 37. Qd4 Qf4+ 38. Kb1 Qe5 39. Qxd5+ Qxd5 40. cxd5 Rd8 41. Re1 Rxd5 42. Rxe4 Rxg5 43. a4 Rc5 44. b4 Rc7 45. Kb2 Kf7 46. Kb3 Kg6 47. a5 h5 48. gxh5+ Kxh5 49. Ka4 Kg5 50. Kb5 Kf5 51. Re1 Kf6 52. Kb6 Rd7 53. b5 Rh7 54. Rc1 1-0

[Event "GRE-chT 49th"]
[Site "Thessaloniki"]
[Date "2022.08.12"]
[Round "1"]
[White "Giannopoulos, Vasileios"]
[Black "Tsouchnikas, Georgios"]
[Result "0-1"]
[WhiteElo "1425"]
[BlackElo "1422"]
[PlyCount "170"]
[EventDate "2022.08.12"]
[EventType "team-swiss"]
[EventRounds "7"]
[EventCountry "GRE"]
[SourceTitle "EXT 2024"]
[Source "ChessBase"]
[SourceDate "2023.10.10"]
[SourceVersion "1"]
[SourceVersionDate "2023.10.10"]
[SourceQuality "1"]
[WhiteTeam "Larisas"]
[BlackTeam "Thessaloniki Chan"]
[WhiteTeamCountry "GRE"]
[BlackTeamCountry "GRE"]

1. e4 g6 2. d4 Bg7 3. Nf3 d6 4. Nc3 Nc6 5. Be3 Nf6 6. Bc4 0-0 7. h3 a6 8. Qd2 b5 9. Bd3 e5 10. d5 Ne7 11. g4 c6 12. dxc6 Nxc6 13. Nd5 Nxd5 14. exd5 e4 15. Bxe4 Re8 16. dxc6 Bxb2 17. Rb1 Qf6 18. Qd3 Bc3+ 19. Kf1 d5 20. Bxd5 Be6 21. Bxe6 Rxe6 22. Bd4 Bxd4 23. Nxd4 Rd6 24. c3 Rc8 25. Qe4 Qg5 26. Re1 Qc5 27. Kg2 Qxc3 28. Nf3 Rdxc6 29. Rc1 Qf6 30. Rxc6 Rxc6 31. Qe8+ Kg7 32. g5 Qd6 33. Re1 Rc3 34. Re7 Qf4 35. Rxf7+ Qxf7 36. Qe5+ Kg8 37. Qxc3 Qxa2 38. Qc8+ Kg7 39. Qd7+ Qf7 40. Qd4+ Kg8 41. Ne5 Qb7+ 42. f3 Qc7 43. Ng4 Qc2+ 44. Kg3 Qc7+ 45. Kh4 h5 46. Nh6+ Kh7 47. f4 Qe7 48. Kg3 Qe1+ 49. Kf3 Qh1+ 50. Ke3 Qxh3+ 51. Kd2 Qg2+ 52. Kc3 Qg3+ 53. Kb4 Qe1+ 54. Kc5 Qe7+ 55. Kb6 Qe6+ 56. Kb7 a5 57. Qc5 Qd7+ 58. Kb6 a4 59. f5 Qd8+ 60. Kxb5 Qxg5 61. Nf7 Qxf5 62. Ne5 a3 63. Qe7+ Kh6 64. Kb4 a2 65. Nf7+ Qxf7 66. Qxf7 a1Q 67. Qf4+ Kh7 68. Qh2 Qd4+ 69. Kb3 Qe3+ 70. Kc2 Kh6 71. Kd1 Qd3+ 72. Ke1 Qb1+ 73. Kf2 Qc2+ 74. Kg1 Qxh2+ 75. Kxh2 h4 76. Kh3 g5 77. Kg4 Kg6 78. Kh3 Kf5 79. Kg2 g4 80. Kh2 Kf4 81. Kg2 g3 82. Kg1 Kf3 83. Kf1 g2+ 84. Kg1 h3 85. Kh2 Kf2 0-1

[Event "GRE-chT U16"]
[Site "Thessaloniki"]
[Date "2021.12.18"]
[Round "5.2"]
[White "Pothos, Aris"]
[Black "Giannopoulos, Vasileios"]
[Result "1-0"]
[WhiteElo "1315"]
[BlackElo "1507"]
[PlyCount "62"]
[EventDate "2021.12.16"]
[EventType "team-swiss"]
[EventRounds "6"]
[EventCountry "GRE"]
[SourceTitle "CBM 205 Extra"]
[Source "ChessBase"]
[SourceDate "2022.01.31"]
[SourceVersion "1"]
[SourceVersionDate "2022.01.31"]
[SourceQuality "1"]
[WhiteTeam "Acharnon"]
[BlackTeam "Larisas"]
[WhiteTeamCountry "GRE"]
[BlackTeamCountry "GRE"]

1. d4 Nf6 2. Bf4 g6 3. Nc3 Bg7 4. e4 d6 5. Qd2 0-0 6. 0-0-0 Nbd7 7. Nf3 c5 8. Bh6 cxd4 9. Nxd4 Ne5 10. f3 a6 11. h4 b5 12. g4 Nc4 13. Bxc4 bxc4 14. h5 Qc7 15. hxg6 fxg6 16. Bxg7 Kxg7 17. Qh6+ Kg8 18. g5 Nh5 19. Rxh5 gxh5 20. g6 e5 21. gxh7+ Qxh7 22. Rg1+ Bg4 23. Qg5+ Kh8 24. fxg4 exd4 25. Nd5 Rg8 26. Qf6+ Qg7 27. Qxd6 Qg5+ 28. Kb1 d3 29. cxd3 cxd3 30. Rh1 Raf8 31. Qxa6 Qd8 1-0

[Event "GRE-chT U16"]
[Site "Thessaloniki"]
[Date "2021.12.17"]
[Round "2.2"]
[White "Giannopoulos, Vasileios"]
[Black "Kalogridis, Themistoklis"]
[Result "0-1"]
[WhiteElo "1507"]
[BlackElo "1482"]
[PlyCount "78"]
[EventDate "2021.12.16"]
[EventType "team-swiss"]
[EventRounds "6"]
[EventCountry "GRE"]
[SourceTitle "CBM 205 Extra"]
[Source "ChessBase"]
[SourceDate "2022.01.31"]
[SourceVersion "1"]
[SourceVersionDate "2022.01.31"]
[SourceQuality "1"]
[WhiteTeam "Larisas"]
[BlackTeam "Aris"]
[WhiteTeamCountry "GRE"]
[BlackTeamCountry "GRE"]

1. e4 c5 2. Nf3 Nc6 3. d4 cxd4 4. Nxd4 Nf6 5. Nc3 e5 6. Ndb5 d6 7. Nd5 Nxd5 8. exd5 Nb8 9. c4 Be7 10. Be2 0-0 11. c5 f5 12. cxd6 Bxd6 13. Nxd6 Qxd6 14. f4 b6 15. fxe5 Qb4+ 16. Kf2 Nd7 17. a3 Qe7 18. e6 Nf6 19. Qd4 Ne4+ 20. Ke1 Qd6 21. b4 Nf6 22. Bf3 Bxe6 23. Bf4 Qd7 24. Rd1 Bf7 25. Kf2 Rad8 26. d6 Ne4+ 27. Bxe4 fxe4 28. Ke3 Bg6 29. Rhf1 Rf7 30. Rd2 Qe6 31. Qc3 Rc8 32. Qb2 Qc4 33. d7 Rcf8 34. Rc1 Qa6 35. d8Q Rxf4 36. Qd5+ Kh8 37. Rf2 Rxf2 38. Qbe5 Re2+ 39. Kd4 Qd3# 0-1

[Event "GRE-ch U12"]
[Site "Patras"]
[Date "2021.09.05"]
[Round "9"]
[White "Giannopoulos, Vasileios"]
[Black "Georgiadis, Anastasios"]
[Result "1-0"]
[WhiteElo "1285"]
[BlackElo "1638"]
[PlyCount "41"]
[EventDate "2021.08.30"]
[EventType "swiss"]
[EventRounds "9"]
[EventCountry "GRE"]
[SourceTitle "EXT 2022"]
[Source "ChessBase"]
[SourceDate "2021.10.06"]
[SourceVersion "1"]
[SourceVersionDate "2021.10.06"]
[SourceQuality "1"]

1. e4 c5 2. Nf3 d6 3. d4 cxd4 4. Nxd4 Nf6 5. Nc3 a6 6. Bg5 e6 7. f4 h6 8. Bh4 Qb6 9. Qd2 Qxb2 10. Nb3 Be7 11. a3 Nxe4 12. Nxe4 Bxh4+ 13. g3 Be7 14. Nc3 Bf6 15. Na4 Qxa1+ 16. Nxa1 b5 17. Nb6 Bb7 18. Bg2 Ra7 19. Qxd6 Bc3+ 20. Kf2 Bxg2 21. Qxb8+ 1-0

[Event "GRE-ch North U08/14"]
[Site "Thessaloniki"]
[Date "2020.08.27"]
[Round "2"]
[White "Giannopoulos, Vasileios"]
[Black "Tsakonas, Konstantinos"]
[Result "1-0"]
[WhiteElo "1231"]
[BlackElo "1385"]
[PlyCount "73"]
[EventDate "2020.08.26"]
[EventType "swiss"]
[EventRounds "9"]
[EventCountry "GRE"]
[SourceTitle "EXT 2023"]
[Source "ChessBase"]
[SourceDate "2022.10.05"]
[SourceVersion "1"]
[SourceVersionDate "2022.10.05"]
[SourceQuality "1"]

1. e4 c5 2. Nf3 g6 3. d4 cxd4 4. Nxd4 Bg7 5. Nc3 Nc6 6. Be3 Nf6 7. f3 Qb6 8. Nf5 Qxb2 9. Nxg7+ Kf8 10. Na4 Qa3 11. c3 Kxg7 12. Bc5 Qxc5 13. Nxc5 b6 14. Nb3 Bb7 15. Nd4 Na5 16. Be2 Rac8 17. Rc1 Rc5 18. Nb3 Nxb3 19. axb3 Rg5 20. 0-0 h5 21. f4 Rc5 22. e5 Nd5 23. Qd4 h4 24. b4 Rc7 25. Bf3 e6 26. c4 Nxb4 27. Qd6 Bxf3 28. Qxc7 Be2 29. Qxa7 h3 30. Qxb6 hxg2 31. Qxb4 gxf1Q+ 32. Rxf1 Bxf1 33. Kxf1 Rxh2 34. Qd6 Rc2 35. Qd3 Rc1+ 36. Ke2 Kf8 37. Qa3+ 1-0